| 000 | 01608cam a2200457 4500 | ||
|---|---|---|---|
| 003 | PE-LiUPU | ||
| 005 | 20250731173503.0 | ||
| 020 | _a0800623347 | ||
| 035 | _a(Sirsi) i9780800623340 | ||
| 035 | _a(Sirsi) 17217 | ||
| 035 | _a(Sirsi) 17217 | ||
| 041 | _aen | ||
| 044 | _aus | ||
| 082 | 0 | 4 |
_a232.1 _bG56 |
| 100 | 1 | _aGlebe-Möller, Jens | |
| 245 |
_aJesus and Theology Critique of a Tradition / _cJens Glebe-Möller, traducido por Thor Salón. |
||
| 264 | 1 |
_aMinneapolis : _bFortress Press, _c1989 |
|
| 300 |
_a196 páginas ; _c21 cm. |
||
| 505 | 0 | _aModern exegesis -- Jesus' praxis -- Spirituality andd congregational praxis -- Contextual Christology -- The two natures of Christ -- Luther's Christology and the peasants' -- Christology today -- Neo-Religiosity and the Jesus story -- Jesus. | |
| 526 | _aSEG42 | ||
| 526 | _aSEG41 | ||
| 526 | _aSEG40 | ||
| 526 | _aSEG39 | ||
| 526 | _aP94 | ||
| 526 | _aP87 | ||
| 526 | _aP86 | ||
| 526 | _aP85 | ||
| 526 | _aP77 | ||
| 526 | _aP76 | ||
| 526 | _aP35 | ||
| 600 | 0 |
_aJesucristo _xHistoria de las doctrinas |
|
| 600 | 0 |
_aJesucristo _xPersona y oficio |
|
| 630 |
_aBiblia _pN.T. _xCrítica, interpretación, etc. |
||
| 650 | 1 | 4 | _aEspiritualidad |
| 942 |
_2ddc _cBOOK |
||
| 949 |
_a232.1 G56 _i40364 _lPOSTGRADO _mBUL _tLIBRO _o.STAFF. Posgrado |
||
| 859 |
_q40364 _h232.1 _iG56 |
||
| 596 | _a1 | ||
| 999 |
_a232.1 G56 _wDEWEY _c58170 _i40364 _d58170 _f2021-11-10 _g5 _lCCODEBUL1 _mBUL _q1 _r0 _sY _tBOOK _u2015-6-16 _xTEOLOGIA _zUNKNOWN _0COMPRA _o.STAFF. Colección General |
||
| 980 |
_81 _gALBERTO SANCHEZ Responsable de Automatización |
||